000
00262nam a2200109Ia 4500
008
190216s9999||||xx |||||||||||||| ||und||
100
_a
James J Rizzuto
245
0
_a
How To Prefere For The Sat Ii
260
_b
Galgotia Pub
_c
2000
300
_a
516p
942
_c
REF
999
_c
36344
_d
36344